000 00440nam a2200193Ia 4500
005 20240823040254.0
008 240823s9999||||xx |||||||||||||| ||und||
020 _a978-81-237-2804-9
041 _aENGLISH
082 _A613.0424 P8
100 _aParul R Sheth
245 0 _aSelf Care for Women
250 _a1st
260 _c2008
_bNational Book
500 _aYES
650 _aGeneral
_bGeneral
942 _cBK
999 _c202703
_d202703